Studies in the art of interpretation

Bewaard in:
Bibliografische gegevens
Hoofdauteur: Johnson, Gertrude E.
Formaat: Boek
Taal:Undetermined
Gepubliceerd in: New York, Estados Unidos D. Appleton Century Company 1940
Onderwerpen:
Tags: Voeg label toe
Geen labels, Wees de eerste die dit record labelt!

MARC

LEADER 00000nam a2200000Ia 4500
008 170316s9999 xx 000 0 und d
040 |a cru BVZT 
090 |a 810 J-8s 
100 |a Johnson, Gertrude E. 
245 |a Studies in the art of interpretation 
260 |a New York, Estados Unidos 
260 |b D. Appleton Century Company 
260 |c 1940 
300 |a 254 páginas 
650 |a LITERATURA ESTADOUNIDENSE 
650 |a EN IDIOMA INGLÉS 
650 |a ENSAYOS 
999 |c 5801  |d 5801 
942 |c 15 D  |h 810 J-8s  |2 z